[Event "Hastings Masters 2019/20"]
[Site "Hastings"]
[Date "2020.01.05"]
[Round "9.19"]
[White "Sucikova, Svetlana"]
[Black "Rudd, Jack"]
[Result "0-1"]
[WhiteElo "2160"]
[BlackElo "2331"]
[PlyCount "54"]
[EventDate "2019.12.28"]
[EventType "swiss"]
[EventRounds "9"]
[EventCountry "ENG"]

1. Nf3 Nf6 2. c4 c6 3. e3 d5 4. b3 Bf5 5. Bb2 Nbd7 6. d4 e6 7. Be2 Bxb1 8. Qxb1
Bb4+ 9. Kf1 Ne4 10. Qc2 O-O 11. a3 Bd6 12. g3 f5 13. Ne5 Nxe5 14. dxe5 Bc5 15.
b4 f4 16. gxf4 Nxf2 17. bxc5 Nxh1 18. Bf3 g5 19. Bc1 dxc4 20. Kg2 gxf4 21. exf4
Qd4 22. Rb1 Rf7 23. Kxh1 Rg7 24. Bb2 Qxf4 25. Bg2 Rf8 26. Rg1 Qf2 27. Qc3 Qxg2+
0-1

[Event "Hastings Masters 2019/20"]
[Site "Hastings"]
[Date "2020.01.05"]
[Round "9.20"]
[White "Grieve, Harry"]
[Black "Eames, Robert S"]
[Result "1-0"]
[WhiteElo "2299"]
[BlackElo "2150"]
[PlyCount "81"]
[EventDate "2019.12.28"]
[EventType "swiss"]
[EventRounds "9"]
[EventCountry "ENG"]

1. e4 e5 2. Nf3 Nc6 3. Bc4 Nf6 4. d3 h6 5. O-O d6 6. c3 g5 7. a4 Bg7 8. Nbd2
O-O 9. h3 g4 10. hxg4 Bxg4 11. a5 a6 12. Qb3 Qd7 13. Nh4 Nh5 14. Ng6 Be2 15.
Nxf8 Rxf8 16. Re1 Nf4 17. Nf1 Bxd3 18. Bxd3 Nxd3 19. Re3 Nf4 20. Ng3 Qg4 21.
Bd2 Ne7 22. Qd1 Qg5 23. Qf3 d5 24. Ree1 Neg6 25. Bxf4 Nxf4 26. Ra4 Rd8 27. Rd1
Rd6 28. exd5 f5 29. Ne2 Nh5 30. Ng3 Nf4 31. Ne2 Nh5 32. Qh3 f4 33. f3 Nf6 34.
c4 b5 35. cxb5 axb5 36. Ra3 b4 37. Raa1 e4 38. a6 Rxd5 39. Qe6+ Kh8 40. Rxd5
Nxd5 41. a7 1-0

[Event "Hastings Masters 2019/20"]
[Site "Hastings"]
[Date "2020.01.05"]
[Round "9.21"]
[White "Thompson, Ian D"]
[Black "Terentiev, Sergei"]
[Result "0-1"]
[WhiteElo "2141"]
[BlackElo "2292"]
[PlyCount "126"]
[EventDate "2019.12.28"]
[EventType "swiss"]
[EventRounds "9"]
[EventCountry "ENG"]

1. c4 Nf6 2. Nf3 g6 3. Nc3 d5 4. cxd5 Nxd5 5. Qa4+ c6 6. Qd4 f6 7. e4 Nc7 8.
Qxd8+ Kxd8 9. d4 Be6 10. Be3 Nd7 11. Be2 h5 12. Rd1 Bf7 13. Nd2 Bh6 14. f4 e5
15. O-O exf4 16. Bxf4 Bxf4 17. Rxf4 Ne6 18. Rf2 Nxd4 19. Bc4 Ne6 20. e5 Nxe5
21. Rxf6 Ke7 22. Rdf1 Rhf8 23. Bb3 Nd4 24. Bxf7 Rxf7 25. Rxf7+ Nxf7 26. Re1+
Kf8 27. Nde4 Re8 28. Kf2 Ne5 29. Kg1 Kg7 30. b3 Re7 31. Rd1 Nf5 32. h3 Nf7 33.
Kf2 h4 34. a4 a5 35. Rd2 b6 36. Rd1 c5 37. Nd2 Nd4 38. Nd5 Re2+ 39. Kf1 Re6 40.
Nc4 Nxb3 41. Ndxb6 Ng5 42. Rd7+ Kh6 43. Nd5 Ne4 44. Nde3 Ng3+ 45. Kf2 Nf5 46.
Ng4+ Kg5 47. Nce5 Kf4 48. Rb7 Nfd4 49. Rf7+ Ke4 50. Nc4 Kd3 51. Nge3 Nf5 52.
Rd7+ Kc3 53. Nxf5 Kxc4 54. Nxh4 Kb4 55. Rg7 c4 56. Rxg6 Nc5 57. Rxe6 Nxe6 58.
Nf3 c3 59. Ne1 Kxa4 60. Ke2 Kb3 61. Kd1 a4 62. Kc1 Nd4 63. Nd3 a3 0-1

[Event "Hastings Masters 2019/20"]
[Site "Hastings"]
[Date "2020.01.05"]
[Round "9.22"]
[White "Willson, Ollie"]
[Black "Yao, Lan"]
[Result "1/2-1/2"]
[WhiteElo "2082"]
[BlackElo "2281"]
[PlyCount "121"]
[EventDate "2019.12.28"]
[EventType "swiss"]
[EventRounds "9"]
[EventCountry "ENG"]

1. d4 Nf6 2. c4 e6 3. Nf3 b6 4. g3 Bb7 5. Bg2 Be7 6. O-O O-O 7. Nc3 Ne4 8. Qd3
Nxc3 9. Qxc3 d6 10. Qd3 f5 11. b3 Bf6 12. Bb2 Nd7 13. Qd2 Qe7 14. Ne1 Bxg2 15.
Nxg2 Rae8 16. Rad1 Bg5 17. Qd3 Rf7 18. f4 Bf6 19. e4 fxe4 20. Qxe4 c5 21. Rfe1
Qd8 22. Ba1 Qc7 23. d5 e5 24. Ne3 Ref8 25. f5 Bg5 26. Rf1 Bxe3+ 27. Qxe3 Rxf5
28. Rxf5 Rxf5 29. Qe4 Rf8 30. Qg4 Nf6 31. Qe6+ Kh8 32. Rf1 Qd8 33. Bb2 Re8 34.
Qf5 Qc8 35. Qg5 Rf8 36. Qh4 Qe8 37. Bc1 Qg6 38. Bg5 h6 39. Bxf6 Rxf6 40. Rxf6
Qxf6 41. Qg4 Kh7 42. Kg2 Qg6 43. Qd7 e4 44. Qe7 a6 45. a4 Qf5 46. Qxd6 Qf3+ 47.
Kg1 Qd1+ 48. Kg2 Qc2+ 49. Kh3 Qd3 50. Qf4 e3 51. Qf3 Kg6 52. g4 h5 53. Qf5+
Qxf5 54. gxf5+ Kxf5 55. Kg2 g5 56. Kf3 Ke5 57. Kxe3 b5 58. Kf3 bxc4 59. bxc4 a5
60. Kg3 Kf5 61. Kf3 1/2-1/2

[Event "Hastings Masters 2019/20"]
[Site "Hastings"]
[Date "2020.01.05"]
[Round "9.23"]
[White "Balaji, Aaravamudhan"]
[Black "Merriman, John"]
[Result "0-1"]
[WhiteElo "2050"]
[BlackElo "2219"]
[PlyCount "80"]
[EventDate "2019.12.28"]
[EventType "swiss"]
[EventRounds "9"]
[EventCountry "ENG"]

1. e4 e6 2. d4 d5 3. Nd2 Be7 4. Bd3 c5 5. dxc5 Nf6 6. Qe2 a5 7. Ngf3 Na6 8.
Bb5+ Bd7 9. e5 Bxb5 10. Qxb5+ Nd7 11. Qxb7 O-O 12. a3 f6 13. b4 Nc7 14. Nb3
fxe5 15. Bb2 Bf6 16. O-O Rb8 17. Qc6 e4 18. Nfd4 Ne5 19. Qd6 Qc8 20. Nf5 Nc4
21. Bxf6 exf5 22. Qe7 Rxf6 23. Nd4 Rf7 24. Qh4 Ne6 25. Nb3 axb4 26. axb4 Rxb4
27. Rfd1 Nc7 28. Nd4 Ne5 29. Qf4 Ng6 30. Qg5 Ne6 31. Nxe6 Qxe6 32. h4 Rc4 33.
Rdb1 Rxc5 34. Ra8+ Rc8 35. Rxc8+ Qxc8 36. h5 Nf8 37. h6 Qe6 38. hxg7 Rxg7 39.
Qd8 Rd7 40. Qc8 Re7 0-1

[Event "Hastings Masters 2019/20"]
[Site "Hastings"]
[Date "2020.01.05"]
[Round "9.24"]
[White "Wall, Tim P"]
[Black "De Boer, Bas"]
[Result "0-1"]
[WhiteElo "2218"]
[BlackElo "2138"]
[PlyCount "88"]
[EventDate "2019.12.28"]
[EventType "swiss"]
[EventRounds "9"]
[EventCountry "ENG"]

1. d4 d5 2. Nc3 Nf6 3. Bf4 c6 4. e3 g6 5. Nf3 Bg7 6. Be2 Nbd7 7. h4 Nf8 8. Ne5
h5 9. Qd2 Ne6 10. Bh2 c5 11. Bb5+ Kf8 12. O-O a6 13. Be2 cxd4 14. exd4 Bh6 15.
Qd3 Ng7 16. Na4 Nf5 17. Nf3 Ng4 18. Qb3 Nxh2 19. Kxh2 Bf4+ 20. g3 Bc7 21. c3
Kg7 22. Nc5 b6 23. Nd3 Nh6 24. Qc2 Bf5 25. Qd2 Ng4+ 26. Kg1 Nf6 27. Ng5 Ne4 28.
Nxe4 dxe4 29. Ne1 e5 30. Nc2 exd4 31. Qxd4+ Qxd4 32. Nxd4 Bc8 33. Rad1 Re8 34.
Bc4 Bg4 35. Rd2 b5 36. Bd5 Rad8 37. Bc6 e3 38. Rd3 exf2+ 39. Kxf2 Re2+ 40. Kg1
Rxb2 41. Re3 Bh3 42. Rd1 Bb6 43. a3 Rd6 44. Bf3 Rf6 0-1

[Event "Hastings Masters 2019/20"]
[Site "Hastings"]
[Date "2020.01.05"]
[Round "9.25"]
[White "Lehaci, Miruna-Daria"]
[Black "Ryzhkov, Vjacheslav"]
[Result "1-0"]
[WhiteElo "2214"]
[BlackElo "2134"]
[PlyCount "107"]
[EventDate "2019.12.28"]
[EventType "swiss"]
[EventRounds "9"]
[EventCountry "ENG"]

1. d4 e6 2. Nf3 d5 3. c4 Nf6 4. Nc3 Be7 5. Bf4 O-O 6. e3 Nbd7 7. cxd5 Nxd5 8.
Nxd5 exd5 9. Bd3 Bb4+ 10. Nd2 Nf6 11. O-O Re8 12. Rc1 c6 13. h3 Bd6 14. Bxd6
Qxd6 15. Qc2 g6 16. a3 Nh5 17. Rfe1 Ng7 18. Qc3 Be6 19. e4 Rad8 20. e5 Qd7 21.
Nb3 Bf5 22. Nc5 Qc8 23. Bf1 Ne6 24. Nxe6 Bxe6 25. b4 a6 26. Re3 h5 27. a4 Qd7
28. Qc5 Qe7 29. Qb6 Ra8 30. Rec3 Reb8 31. Bd3 Qh4 32. Bb1 Kg7 33. Rg3 Qf4 34.
Rd1 h4 35. Rf3 Qg5 36. Kf1 Qe7 37. Rf6 Rh8 38. Bd3 Qd7 39. Qc5 Rae8 40. Qc1 Rh5
41. Qf4 Reh8 42. Qe3 Qe7 43. Rb1 Qd7 44. Be2 R5h6 45. Qg5 Re8 46. Bd3 Reh8 47.
Be2 Re8 48. b5 axb5 49. axb5 Ra8 50. b6 Ra2 51. Bg4 Bxg4 52. hxg4 Rh8 53. e6 h3
54. gxh3 1-0

[Event "Hastings Masters 2019/20"]
[Site "Hastings"]
[Date "2020.01.05"]
[Round "9.26"]
[White "Keetman, Maaike"]
[Black "Elwin, Adrian G"]
[Result "1/2-1/2"]
[WhiteElo "2203"]
[BlackElo "1986"]
[PlyCount "91"]
[EventDate "2019.12.28"]
[EventType "swiss"]
[EventRounds "9"]
[EventCountry "ENG"]

1. e4 c6 2. d4 d5 3. Nc3 dxe4 4. Nxe4 Nd7 5. Ng5 Ndf6 6. Bc4 e6 7. Ne2 Bd6 8.
Ng3 h6 9. Nf3 Ne7 10. Qe2 Ng6 11. Ne4 Nxe4 12. Qxe4 Bd7 13. Bd2 Qc7 14. O-O-O
O-O-O 15. h4 f5 16. Qe1 Nf4 17. Ne5 Bxe5 18. dxe5 Nd5 19. Rh3 Qb8 20. Bb3 Be8
21. Rd3 Bh5 22. f3 Qc7 23. Bxd5 Rxd5 24. Rxd5 exd5 25. Bc3 Re8 26. Qe3 b6 27.
a4 Bf7 28. b4 Be6 29. Bd4 Kb7 30. Kd2 Qe7 31. Rb1 Qxh4 32. a5 Qg5 33. Qxg5 hxg5
34. axb6 axb6 35. Rh1 Re7 36. Rh5 g4 37. f4 Ka6 38. Rh8 Kb5 39. Rb8 Kc4 40.
Bxb6 d4 41. Bc5 Rd7 42. Re8 Bf7 43. Rc8 Bd5 44. g3 g6 45. Rh8 Rg7 46. Rh6
1/2-1/2

[Event "Hastings Masters 2019/20"]
[Site "Hastings"]
[Date "2020.01.05"]
[Round "9.27"]
[White "De Coverly, Roger D"]
[Black "Graham, David B"]
[Result "0-1"]
[WhiteElo "1986"]
[BlackElo "2152"]
[PlyCount "82"]
[EventDate "2019.12.28"]
[EventType "swiss"]
[EventRounds "9"]
[EventCountry "ENG"]

1. e4 c5 2. Nf3 d6 3. d4 cxd4 4. Nxd4 Nf6 5. Nc3 g6 6. Be3 Bg7 7. f3 O-O 8. Bc4
Nc6 9. Qd2 Bd7 10. O-O-O Qa5 11. h4 Nxd4 12. Bxd4 b5 13. Bb3 Be6 14. Kb1 Bxb3
15. cxb3 Rfc8 16. Nd5 Qxd2 17. Nxf6+ Bxf6 18. Rxd2 Bxd4 19. Rxd4 Rc5 20. g4
Rac8 21. Rd2 Kg7 22. b4 Rc4 23. a3 a6 24. g5 h6 25. gxh6+ Kxh6 26. Rg2 Rd4 27.
f4 Kg7 28. h5 Rh8 29. f5 Rh6 30. fxg6 fxg6 31. Rh4 Rd1+ 32. Kc2 Rf1 33. Rhg4
Rxh5 34. Rxg6+ Kf7 35. Rg7+ Ke6 36. R7g6+ Rf6 37. R6g4 Rfh6 38. Kd3 Rh3+ 39.
Kd4 Rf6 40. Rg6 Kd7 41. Rxf6 e5+ 0-1

[Event "Hastings Masters 2019/20"]
[Site "Hastings"]
[Date "2020.01.05"]
[Round "9.28"]
[White "Fishbein, Mitch"]
[Black "Pavlov, Mikhail"]
[Result "1-0"]
[WhiteElo "2151"]
[BlackElo "1955"]
[PlyCount "59"]
[EventDate "2019.12.28"]
[EventType "swiss"]
[EventRounds "9"]
[EventCountry "ENG"]

1. Nf3 Nf6 2. c4 c5 3. Nc3 e6 4. g3 b6 5. Bg2 Bb7 6. O-O Be7 7. b3 O-O 8. Bb2
a6 9. e3 d5 10. Rc1 dxc4 11. bxc4 Qc7 12. Qe2 Rd8 13. a4 Nc6 14. Ne1 Rac8 15.
f4 Nb4 16. Rd1 Bxg2 17. Kxg2 Qc6+ 18. Qf3 Nd3 19. Nxd3 Rxd3 20. Qxc6 Rxc6 21.
Kf3 Rcd6 22. Ke2 Rd7 23. Rf3 e5 24. fxe5 Ng4 25. Nd5 Rb3 26. Bc3 Bd8 27. h3
Rxc3 28. dxc3 Nxe5 29. Rf5 f6 30. Rxe5 1-0

[Event "Hastings Masters 2019/20"]
[Site "Hastings"]
[Date "2020.01.05"]
[Round "9.29"]
[White "Burrows, Nick"]
[Black "Brown, Thomas"]
[Result "0-1"]
[WhiteElo "1952"]
[BlackElo "2116"]
[PlyCount "98"]
[EventDate "2019.12.28"]
[EventType "swiss"]
[EventRounds "9"]
[EventCountry "ENG"]

1. b3 d5 2. Bb2 Nf6 3. e3 c5 4. Nf3 Nc6 5. Bb5 e6 6. Ne5 Qc7 7. f4 Bd7 8. Bxc6
Bxc6 9. O-O Rd8 10. d3 Bd6 11. Nd2 O-O 12. Nxc6 bxc6 13. Bxf6 gxf6 14. Qh5 Kh8
15. Qh6 Qe7 16. Rae1 Rg8 17. e4 Rg6 18. Qh3 Rdg8 19. g3 Qc7 20. Kh1 Qa5 21. Re2
Qc3 22. Rfe1 Bc7 23. Nf1 Bxf4 24. exd5 cxd5 25. Qh4 Be5 26. Qa4 a5 27. Qd7 R6g7
28. Kg2 Qd4 29. Re3 h5 30. Qe7 Qg4 31. Rf3 h4 32. h3 Qh5 33. g4 Rxg4+ 34. hxg4
Qxg4+ 35. Ng3 Bxg3 36. Qxf6+ Rg7 37. Kf1 Bxe1 38. Kxe1 Qg1+ 39. Ke2 Qg5 40. Qc3
d4 41. Qxa5 Qe5+ 42. Kd2 Rg2+ 43. Kc1 Kg7 44. Qa7 Rxc2+ 45. Kxc2 Qe2+ 46. Kc1
Qxf3 47. Qxc5 Qe3+ 48. Kc2 Qe2+ 49. Kc1 Qe1+ 0-1

[Event "Hastings Masters 2019/20"]
[Site "Hastings"]
[Date "2020.01.05"]
[Round "9.30"]
[White "Persson, Andreas"]
[Black "Spanton, Tim R"]
[Result "1-0"]
[WhiteElo "2112"]
[BlackElo "1951"]
[PlyCount "121"]
[EventDate "2019.12.28"]
[EventType "swiss"]
[EventRounds "9"]
[EventCountry "ENG"]

1. d4 d5 2. Nf3 e6 3. g3 Nf6 4. Bg2 Be7 5. O-O O-O 6. c4 Nbd7 7. Qc2 c6 8. Nfd2
e5 9. cxd5 Nxd5 10. dxe5 Nxe5 11. a3 Nf6 12. Nc3 Be6 13. Nde4 Nxe4 14. Nxe4 Bd5
15. Rd1 Qb6 16. Be3 Qb3 17. Qc1 Rfd8 18. Bd4 f6 19. Qf4 Ng6 20. Qf5 Be6 21. Qa5
b6 22. Qc3 Rac8 23. Qe1 c5 24. Bc3 Qa4 25. Nd2 Bd6 26. b3 Qe8 27. Nc4 Bb8 28.
a4 Qf7 29. Rxd8+ Rxd8 30. Rd1 Rxd1 31. Qxd1 Qd7 32. Qxd7 Bxd7 33. Bd5+ Kf8 34.
e4 Ne7 35. Bb7 Bc6 36. Bxc6 Nxc6 37. f4 Ke7 38. Kf2 Bc7 39. Kf3 h5 40. Ne3 Ke6
41. Nd5 Bd8 42. f5+ Kf7 43. Nf4 h4 44. gxh4 Bc7 45. h3 Be5 46. Bxe5 Nxe5+ 47.
Ke3 Nc6 48. Kd3 Ne5+ 49. Kc3 Nf3 50. h5 Ng5 51. Kd3 Nf3 52. Ne6 Ne5+ 53. Kc3
Nc6 54. Nf4 Ne5 55. Nd3 Nxd3 56. Kxd3 Ke7 57. Kc4 a6 58. Kd5 Kd7 59. a5 bxa5
60. Kxc5 a4 61. bxa4 1-0

[Event "Hastings Masters 2019/20"]
[Site "Hastings"]
[Date "2020.01.05"]
[Round "9.31"]
[White "Price, Gwilym"]
[Black "Thorpe, Thomas"]
[Result "1/2-1/2"]
[WhiteElo "2110"]
[BlackElo "1924"]
[PlyCount "62"]
[EventDate "2019.12.28"]
[EventType "swiss"]
[EventRounds "9"]
[EventCountry "ENG"]

1. e4 c5 2. Nf3 Nc6 3. Nc3 g6 4. d4 cxd4 5. Nxd4 Bg7 6. Be3 Nf6 7. Bc4 Qa5 8.
O-O O-O 9. Bb3 d6 10. h3 Bd7 11. f4 Nxd4 12. Bxd4 Bc6 13. Qd3 Nd7 14. Bxg7 Kxg7
15. Nd5 Bxd5 16. Bxd5 Qb6+ 17. Kh1 Rac8 18. Bb3 Nc5 19. Qd4+ Kg8 20. Rf3 Nxb3
21. Qxb6 axb6 22. Rxb3 Rxc2 23. Rxb6 Rfc8 24. Rxb7 Rf2 25. a4 Rcc2 26. a5 Rxg2
27. a6 Rh2+ 28. Kg1 Rcg2+ 29. Kf1 Rc2 30. Kg1 Rcg2+ 31. Kf1 Rc2 1/2-1/2

[Event "Hastings Masters 2019/20"]
[Site "Hastings"]
[Date "2020.01.05"]
[Round "9.32"]
[White "White, Stuart A"]
[Black "Salmons, Calum"]
[Result "0-1"]
[WhiteElo "2106"]
[BlackElo "1796"]
[PlyCount "136"]
[EventDate "2019.12.28"]
[EventType "swiss"]
[EventRounds "9"]
[EventCountry "ENG"]

1. e4 c5 2. Nf3 d6 3. d4 cxd4 4. Nxd4 Nf6 5. Nc3 g6 6. Be3 Bg7 7. f3 O-O 8. Qd2
Nc6 9. O-O-O d5 10. Qe1 e5 11. Nxc6 bxc6 12. exd5 Nxd5 13. Bc4 Be6 14. Ne4 Qc7
15. Bc5 Rfd8 16. Qh4 h6 17. g4 Qa5 18. Bb3 Nf4 19. Rxd8+ Rxd8 20. Qe1 Qb5 21.
Bxe6 Nxe6 22. Be7 Rb8 23. b3 a5 24. a4 Qb6 25. Nf6+ Kh8 26. Ne4 Rb7 27. Ba3 Rd7
28. h4 Nd4 29. Qe3 Qd8 30. g5 h5 31. Re1 Rd5 32. Qf2 Qc8 33. Qe3 Qf5 34. Rf1
Qf4 35. Qxf4 Ne2+ 36. Kb1 Nxf4 37. Bc1 Ng2 38. Rh1 Kg8 39. Rh2 Nf4 40. Nc3 Rd7
41. Ka2 Kf8 42. Ne4 Rd5 43. Bd2 Ne6 44. c4 Rd3 45. Bxa5 Ke8 46. Bb6 Kd7 47. Rd2
Rxd2+ 48. Nxd2 Bf8 49. Be3 Bb4 50. Kb2 Nd4 51. Bxd4 exd4 52. Kc2 Ke6 53. Kd3
Ke5 54. Ne4 c5 55. a5 Bxa5 56. Nxc5 Be1 57. Ne4 Bxh4 58. b4 Be1 59. b5 Ba5 60.
f4+ Kxf4 61. Kxd4 h4 62. Nf2 Kg3 63. Nh1+ Kg2 64. c5 Kxh1 65. b6 h3 66. Kc4 h2
67. Kb5 Bxb6 68. cxb6 Kg2 0-1

[Event "Hastings Masters 2019/20"]
[Site "Hastings"]
[Date "2020.01.05"]
[Round "9.33"]
[White "Comellas Blanchart, Jordi"]
[Black "Khoo-Thwe, Louis"]
[Result "1-0"]
[WhiteElo "2064"]
[BlackElo "1690"]
[PlyCount "80"]
[EventDate "2019.12.28"]
[EventType "swiss"]
[EventRounds "9"]
[EventCountry "ENG"]

1. e4 e5 2. Nf3 Nc6 3. d4 exd4 4. Nxd4 Bc5 5. Nxc6 Qf6 6. Qf3 Qxf3 7. gxf3 dxc6
8. Nc3 Ne7 9. Be3 Bxe3 10. fxe3 Be6 11. O-O-O b5 12. Rg1 O-O 13. f4 f5 14. Bh3
Rf6 15. exf5 Bxf5 16. Bxf5 Nxf5 17. e4 Ne3 18. Rd7 Rf7 19. Rxf7 Kxf7 20. b3 Rd8
21. Nd1 Nxd1 22. Rxd1 Rd6 23. Rd3 Ke7 24. Kd2 c5 25. Ke2 Ra6 26. Rd5 Rc6 27. f5
g6 28. Kf3 gxf5 29. exf5 b4 30. Kf4 c4 31. Ra5 cxb3 32. cxb3 a6 33. Ke5 Rb6 34.
Rc5 c6 35. Kf4 Kf6 36. Re5 Kf7 37. Re6 a5 38. Rh6 Kg7 39. Kg5 Kg8 40. Rd6 Kg7
1-0

[Event "Hastings Masters 2019/20"]
[Site "Hastings"]
[Date "2020.01.05"]
[Round "9.34"]
[White "Chapman, Matt"]
[Black "Norinkeviciute, Rasa"]
[Result "1/2-1/2"]
[WhiteElo "1937"]
[BlackElo "2018"]
[PlyCount "66"]
[EventDate "2019.12.28"]
[EventType "swiss"]
[EventRounds "9"]
[EventCountry "ENG"]

1. e4 d6 2. d4 Nf6 3. Nc3 Nbd7 4. g4 h6 5. h3 e5 6. Bg2 c6 7. Nge2 Qc7 8. O-O
g6 9. a4 a5 10. Be3 Bg7 11. Qd2 Nf8 12. f4 Ne6 13. fxe5 dxe5 14. d5 Nf8 15. Kh1
Bd7 16. Nc1 g5 17. Qf2 Ng6 18. Nd3 Nf4 19. Rae1 O-O 20. Bb6 Qb8 21. Ne2 cxd5
22. Nexf4 dxe4 23. Nxe5 Qxe5 24. Nd3 Qb8 25. Bd4 exd3 26. Bxf6 Bxf6 27. Qxf6
Ra6 28. Qe7 Bc6 29. Bxc6 Rxc6 30. cxd3 Rc2 31. Re2 Rxe2 32. Qxe2 Re8 33. Qf3
Qc7 1/2-1/2

[Event "Hastings Masters 2019/20"]
[Site "Hastings"]
[Date "2020.01.05"]
[Round "9.35"]
[White "Boino, Claudio"]
[Black "Barton, R Alan"]
[Result "1/2-1/2"]
[WhiteElo "2146"]
[BlackElo "1945"]
[PlyCount "91"]
[EventDate "2019.12.28"]
[EventType "swiss"]
[EventRounds "9"]
[EventCountry "ENG"]

1. d4 c5 2. d5 f5 3. c4 Nf6 4. g3 d6 5. Bg2 g6 6. Nc3 Bg7 7. Nh3 Na6 8. O-O O-O
9. Bg5 Nc7 10. Qd2 Rb8 11. Bh6 a6 12. Bxg7 Kxg7 13. Rae1 b5 14. b3 Bd7 15. f4
h6 16. Nf2 bxc4 17. bxc4 Rb4 18. Qd3 Rf7 19. Rb1 Qb8 20. a3 Rb3 21. Qc2 Rb6 22.
Rxb6 Qxb6 23. Rb1 Qa5 24. Rb7 Bc8 25. Rb8 Rf8 26. Qb2 Bd7 27. Rb7 Bc8 28. Rb3
Kg8 29. e4 fxe4 30. Nfxe4 Nce8 31. Qe2 Qc7 32. Nxf6+ exf6 33. Nd1 Ng7 34. Be4
f5 35. Bc2 Re8 36. Re3 Rxe3 37. Qxe3 Qf7 38. Ba4 Bd7 39. Bxd7 Qxd7 40. Qb3 Qd8
41. Nf2 g5 42. Qe3 g4 43. Qb3 h5 44. h4 Ne8 45. Qb7 a5 46. Qb5 1/2-1/2

[Event "Hastings Masters 2019/20"]
[Site "Hastings"]
[Date "2020.01.05"]
[Round "9.36"]
[White "Akeya-Price, Robert"]
[Black "Okhai, Shabir"]
[Result "1/2-1/2"]
[WhiteElo "1880"]
[BlackElo "2103"]
[PlyCount "35"]
[EventDate "2019.12.28"]
[EventType "swiss"]
[EventRounds "9"]
[EventCountry "ENG"]

1. d4 Nf6 2. Nf3 e6 3. g3 c5 4. Bg2 cxd4 5. O-O Nc6 6. Nxd4 d5 7. c4 Bd7 8.
cxd5 Nxd5 9. e4 Nf6 10. Nb5 Nb4 11. N1c3 Bxb5 12. Nxb5 a6 13. Nc3 Qxd1 14. Rxd1
Bc5 15. h3 e5 16. Bg5 O-O 17. Rac1 Bd4 18. a3 1/2-1/2

[Event "Hastings Masters 2019/20"]
[Site "Hastings"]
[Date "2020.01.05"]
[Round "9.37"]
[White "Drastik, Penelope"]
[Black "Pekin, Tolgay"]
[Result "0-1"]
[WhiteElo "1821"]
[BlackElo "2080"]
[PlyCount "94"]
[EventDate "2019.12.28"]
[EventType "swiss"]
[EventRounds "9"]
[EventCountry "ENG"]

1. d4 d5 2. c4 c6 3. Nf3 e6 4. Nc3 dxc4 5. e4 b5 6. a4 Bb4 7. Be2 Nf6 8. Qc2
Bb7 9. O-O Nbd7 10. Bg5 Bxc3 11. bxc3 h6 12. Bh4 g5 13. Bg3 Nb6 14. axb5 cxb5
15. e5 Bxf3 16. Bxf3 Nfd5 17. Ra5 a6 18. Rfa1 Na4 19. R5xa4 bxa4 20. Qxa4+ Qd7
21. Qxc4 O-O 22. Rxa6 Rxa6 23. Qxa6 Nxc3 24. Qd3 Nd5 25. h4 Qe7 26. Bxd5 exd5
27. Qf5 Qe6 28. Qxe6 fxe6 29. hxg5 hxg5 30. Kf1 Kg7 31. Ke2 Kg6 32. Ke3 Kf5 33.
f3 Ra8 34. Be1 Ra3+ 35. Ke2 Ra2+ 36. Bd2 g4 37. Kd3 Ra1 38. Ke2 Rb1 39. Kf2 Rb3
40. Ke2 gxf3+ 41. gxf3 Kg6 42. Be1 Kf7 43. Bh4 Ke8 44. f4 Kf7 45. Bf2 Kg6 46.
Be3 Kf5 47. Kf3 Ra3 0-1

[Event "Hastings Masters 2019/20"]
[Site "Hastings"]
[Date "2020.01.05"]
[Round "9.38"]
[White "Sugden, John N"]
[Black "Ruane, Brendan J"]
[Result "1/2-1/2"]
[WhiteElo "2065"]
[BlackElo "1882"]
[PlyCount "74"]
[EventDate "2019.12.28"]
[EventType "swiss"]
[EventRounds "9"]
[EventCountry "ENG"]

1. d4 b6 2. e4 Bb7 3. Nc3 e6 4. Bd3 g6 5. Be3 Bg7 6. Qd2 h6 7. Nge2 d6 8. h4 h5
9. f3 a6 10. O-O-O Nd7 11. d5 e5 12. Bg5 f6 13. Be3 Bh6 14. g4 Bxe3 15. Qxe3
hxg4 16. fxg4 Qe7 17. Ng3 O-O-O 18. h5 g5 19. Be2 Nh6 20. Nb1 Rdf8 21. c4 Kd8
22. b4 Ke8 23. Nd2 Kf7 24. Nb3 Rb8 25. Rd2 Kg7 26. Rhd1 Bc8 27. Rg1 Kh7 28. Nf1
Rg8 29. Qc3 Rd8 30. Ne3 Bb7 31. Rc2 c5 32. bxc5 Nxc5 33. Nxc5 bxc5 34. Qa5 Bc8
35. Rd1 Rd7 36. Rdd2 Rdb7 37. Rb2 Qd8 1/2-1/2

[Event "Hastings Masters 2019/20"]
[Site "Hastings"]
[Date "2020.01.05"]
[Round "9.39"]
[White "Rice, Chris B"]
[Black "Merriman, James"]
[Result "1/2-1/2"]
[WhiteElo "2027"]
[BlackElo "1895"]
[PlyCount "46"]
[EventDate "2019.12.28"]
[EventType "swiss"]
[EventRounds "9"]
[EventCountry "ENG"]

1. e4 e6 2. d4 d5 3. Nc3 Nf6 4. e5 Nfd7 5. f4 c5 6. Nf3 Nc6 7. Be3 a6 8. Qd2 b5
9. a3 Qb6 10. Ne2 a5 11. dxc5 Bxc5 12. Ned4 Ba6 13. Qf2 b4 14. Bxa6 Qxa6 15.
Nxc6 Qxc6 16. axb4 Bxb4+ 17. c3 Bc5 18. Nd4 Bxd4 19. Bxd4 Qb5 20. Qe2 Rb8 21.
Qxb5 Rxb5 22. Ra2 Ke7 23. Kd2 f6 1/2-1/2

[Event "Hastings Masters 2019/20"]
[Site "Hastings"]
[Date "2020.01.05"]
[Round "9.40"]
[White "Miller, George"]
[Black "Anuprita, Patil"]
[Result "0-1"]
[WhiteElo "1845"]
[BlackElo "2025"]
[PlyCount "76"]
[EventDate "2019.12.28"]
[EventType "swiss"]
[EventRounds "9"]
[EventCountry "ENG"]

1. e4 c5 2. Nf3 Nc6 3. d4 cxd4 4. Nxd4 Qb6 5. Nb3 e6 6. Be3 Qc7 7. Be2 Nf6 8.
Bf3 Bb4+ 9. c3 Bd6 10. Nd4 a6 11. Nd2 Ne5 12. Be2 h5 13. h3 Ng6 14. Qa4 Rb8 15.
Qc4 Qd8 16. O-O-O b5 17. Qd3 Nf4 18. Bxf4 Bxf4 19. g3 Bc7 20. f4 Bb7 21. Rhf1
d5 22. Bf3 Bb6 23. e5 Nd7 24. Nxe6 fxe6 25. Qg6+ Kf8 26. Bxh5 Qe8 27. Qxe8+
Rxe8 28. Bxe8 Kxe8 29. h4 d4 30. c4 Ke7 31. b3 Rc8 32. Kb2 Ba5 33. cxb5 Bc3+
34. Kc1 axb5 35. a4 bxa4 36. bxa4 Nc5 37. Nc4 Nd3+ 38. Rxd3 Rxc4 0-1

[Event "Hastings Masters 2019/20"]
[Site "Hastings"]
[Date "2020.01.05"]
[Round "9.41"]
[White "Mineev, Sergey I"]
[Black "Varney, Zoe"]
[Result "0-1"]
[WhiteElo "1588"]
[BlackElo "2004"]
[PlyCount "78"]
[EventDate "2019.12.28"]
[EventType "swiss"]
[EventRounds "9"]
[EventCountry "ENG"]

1. d4 d5 2. c4 e6 3. Nc3 Nf6 4. Bg5 c6 5. e3 Nbd7 6. Nf3 Qa5 7. cxd5 Nxd5 8.
Qc2 Bb4 9. Kd2 N7b6 10. e4 Nxc3 11. bxc3 Ba3 12. Bd3 c5 13. Qb3 Bd7 14. Be3 c4
15. Bxc4 Ba4 16. Bb5+ Qxb5 17. Qxb5+ Bxb5 18. Rhb1 Nc4+ 19. Ke1 Bb2 20. Bd2 Bc6
21. Rxb2 Nxb2 22. Rb1 Nc4 23. e5 Bxf3 24. gxf3 Nxd2 25. Kxd2 b6 26. a4 Kd7 27.
a5 Kc6 28. axb6 axb6 29. Ke3 Ra3 30. Kd3 Rc8 31. Rg1 g6 32. Rc1 Kd5 33. Kd2 Rc4
34. Rb1 Rcxc3 35. Rxb6 Rxf3 36. Rd6+ Ke4 37. Ke2 Ra2+ 38. Kf1 Rfxf2+ 39. Kg1
Rfb2 0-1

[Event "Hastings Masters 2019/20"]
[Site "Hastings"]
[Date "2020.01.05"]
[Round "9.42"]
[White "Shivika, Rohilla"]
[Black "Howell, Oliver W"]
[Result "1-0"]
[WhiteElo "1744"]
[BlackElo "1928"]
[PlyCount "87"]
[EventDate "2019.12.28"]
[EventType "swiss"]
[EventRounds "9"]
[EventCountry "ENG"]

1. e4 e6 2. d4 d5 3. Nd2 Nf6 4. e5 Nfd7 5. c3 c5 6. Bd3 Nc6 7. Ngf3 Qb6 8. O-O
cxd4 9. cxd4 Nxd4 10. Nxd4 Qxd4 11. Nf3 Qb6 12. Qa4 Qb4 13. Qc2 Nc5 14. Bd2 Qa4
15. b3 Qd7 16. Nd4 Nxd3 17. Qxd3 Be7 18. Qg3 g6 19. Bh6 Bf8 20. Bxf8 Kxf8 21.
Rac1 Kg7 22. Rc3 a6 23. Rfc1 Qe7 24. Rc7 Qb4 25. Qh4 Qf8 26. Re7 Kg8 27. Rcc7
h5 28. Rxf7 Qxf7 29. Rxf7 Kxf7 30. Qf6+ Kg8 31. Qxg6+ Kf8 32. Qf6+ Kg8 33. Nxe6
Bxe6 34. Qxe6+ Kh7 35. Qxd5 Rhc8 36. Qxb7+ Kh8 37. h3 Rc1+ 38. Kh2 Re8 39. Qxa6
Re1 40. Qh6+ Kg8 41. Qxh5 R8xe5 42. Qg4+ Kf8 43. a4 R5e2 44. Qf3+ 1-0